00877nam a2200229 u 450000100100000000500170001000800410002702000180006804000250008608200200011110000390013124501550017026000500032530000210037550000710039665000240046765000270049170000390051870000270055770000360058470000270062000002048020241130074013.0100813s2016 dr 000 0 spa d a9789945588781 aDO-SdBNPbspacBNPHU aRD861.44bB253p1 aBarina Coiscou, Sócrates,d1916-10aPoemas memoriales /cSócrates Barinas Coiscou ; prólogo Odalís G. Pérez ; textos Ramón Mesa ; edicción Ysabel Florentino, Jesús Cordero. aSanto Domingo, :bEdiciones Ferilibro,c2016. a162 p. ;c22 cm. aIncluye datos biográficos del autor en la solapa de la cubierta. 0aPoesía dominicana 0aLiteratura dominicana.1 aPérez, Odalís d1952-epról.1 aMesa, Ramón,etextos1 aFlorentino, Ysabel,d1981-eed.1 aCordero, Jesús,eed.